[Event "Ct. Catalunya eq. DH"]
[Site "?"]
[Date "2011.02.19"]
[Round "4.6"]
[White "Trepat Herranz, J."]
[Black "Gomez Jurado, LA."]
[Result "1-0"]
[WhiteElo "2355"]
[BlackElo "2392"]
[PlyCount "187"]
[EventDate "2011.??.??"]
[EventType "team"]

1. d4 Nf6 2. c4 e6 3. g3 d5 4. Nf3 g6 5. Bg2 Bg7 6. O-O O-O 7. Nc3 Na6 8. Bg5
h6 9. Bf4 b6 10. cxd5 exd5 11. Ne5 Bb7 12. Qa4 c5 13. Nd3 Ne4 14. dxc5 Naxc5
15. Nxc5 Nxc5 16. Qa3 d4 17. Bxb7 Nxb7 18. Nb5 g5 19. Bd2 a6 20. Qf3 axb5 21.
Qxb7 d3 22. exd3 Bxb2 23. Rab1 Rxa2 24. Be3 Bd4 25. Bxd4 Qxd4 26. Rxb5 Qxd3 27.
Rxb6 Rfa8 28. Rxh6 Ra1 29. Rh8+ Kxh8 30. Qb2+ Kh7 31. Rxa1 Rxa1+ 32. Qxa1 g4
33. Qa8 Kg7 34. Kg2 f5 35. h3 gxh3+ 36. Kxh3 Qf1+ 37. Qg2 Qa6 38. Qf3 Qh6+ 39.
Kg2 Qe6 40. Qc3+ Kg6 41. Qd3 Kg7 42. Qe3 Qc6+ 43. f3 Kg6 44. Kh3 Qa6 45. Qe8+
Kg7 46. Qe7+ Kg6 47. Kh4 Qc4+ 48. f4 Qd3 49. Qe6+ Kg7 50. Qe7+ Kg6 51. Qg5+ Kh7
52. Qh5+ Kg7 53. Qg5+ Kh7 54. Qh5+ Kg7 55. g4 fxg4 56. Qxg4+ Kh7 57. Qh5+ Kg7
58. Qe5+ Kh7 59. Kg4 Qd1+ 60. Kh4 Qh1+ 61. Kg3 Qg1+ 62. Kf3 Qf1+ 63. Ke4 Qg2+
64. Kd4 Qd2+ 65. Kc5 Qa5+ 66. Kc6 Qa8+ 67. Kb6 Qd8+ 68. Kb5 Qd3+ 69. Kc5 Qa3+
70. Kc6 Qa8+ 71. Kd7 Qb7+ 72. Ke6 Qc8+ 73. Kf7 Qd7+ 74. Kf8 Qd8+ 75. Kf7 Qd7+
76. Kf6 Qg7+ 77. Ke6 Qg8+ 78. Ke7 Qa8 79. Qf5+ Kh6 80. Qf6+ Kh7 81. Qh4+ Kg6
82. Qg5+ Kh7 83. Qh5+ Kg7 84. Qf7+ Kh6 85. Qe6+ Kg7 86. Qe5+ Kh7 87. f5 Qa3+
88. Qd6 Qe3+ 89. Kd7 Qa7+ 90. Ke6 Qe3+ 91. Kf7 Qb3+ 92. Qe6 Qb7+ 93. Qe7 Qg2
94. Qh4# 1-0

[Event "Ct. Catalunya eq. DH"]
[Site "?"]
[Date "2011.02.19"]
[Round "4.7"]
[White "Armengol Comas, J."]
[Black "Fernandez Cazorla, A."]
[Result "1-0"]
[WhiteElo "2297"]
[BlackElo "2295"]
[PlyCount "75"]
[EventDate "2011.??.??"]
[EventType "team"]

1. e4 d6 2. d4 Nf6 3. Nc3 g6 4. g3 Bg7 5. Bg2 O-O 6. Nge2 e5 7. h3 Nc6 8. Be3
Bd7 9. O-O Re8 10. d5 Na5 11. Qd3 b6 12. f4 c6 13. dxc6 Bxc6 14. b4 Nb7 15. b5
Bd7 16. Rad1 Qc8 17. f5 gxf5 18. exf5 e4 19. Qd2 Bxf5 20. g4 Bg6 21. Bd4 Nd7
22. Bxg7 Kxg7 23. Qd4+ Re5 24. Nxe4 Rb8 25. N2g3 Qxc2 26. Rc1 Qxa2 27. Rc7 Nbc5
28. Nxc5 Nxc5 29. Qxd6 Rbe8 30. Qf6+ Kg8 31. Nf5 Bxf5 32. gxf5 Qc4 33. Qg5+ Kh8
34. Rf4 Re1+ 35. Kh2 Qc3 36. Rxf7 Rg8 37. Rxh7+ Kxh7 38. Rh4# 1-0

[Event "Ct. Catalunya eq. DH"]
[Site "?"]
[Date "2011.02.19"]
[Round "4.7"]
[White "Perez Mañas, B."]
[Black "Coll Ortega, J."]
[Result "1-0"]
[WhiteElo "2347"]
[BlackElo "2341"]
[PlyCount "57"]
[EventDate "2011.??.??"]
[EventType "team"]

1. d4 Nf6 2. c4 e6 3. Nf3 c5 4. d5 b5 5. dxe6 fxe6 6. cxb5 d5 7. g3 a6 8. bxa6
Bd6 9. Bg2 O-O 10. O-O Nc6 11. Nc3 Bxa6 12. Re1 Ne5 13. Ng5 Qe7 14. f4 Nc4 15.
e4 h6 16. exd5 hxg5 17. Rxe6 Qd7 18. fxg5 Ne8 19. g6 Be5 20. Ne4 Bd4+ 21. Kh1
Nf6 22. Nxf6+ gxf6 23. Qh5 Bb7 24. Bh6 Rfe8 25. Rae1 Be5 26. Qh3 Rxa2 27. R6xe5
Rxe5 28. Qxd7 Rxe1+ 29. Bf1 1-0

[Event "Ct. Catalunya eq. DH"]
[Site "?"]
[Date "2011.02.19"]
[Round "4.7"]
[White "Tebar Moreno, JC."]
[Black "Bravo Barranco, N."]
[Result "1/2-1/2"]
[WhiteElo "2271"]
[BlackElo "2333"]
[PlyCount "99"]
[EventDate "2011.??.??"]
[EventType "team"]

1. e4 c6 2. d4 d5 3. e5 Bf5 4. Nc3 e6 5. Nf3 Nd7 6. Bd3 Ne7 7. O-O Bxd3 8. Qxd3
Nf5 9. Ne2 Be7 10. a4 g5 11. Ng3 Ng7 12. h3 Nf8 13. Nh2 h5 14. f4 gxf4 15. Bxf4
Ng6 16. Bd2 h4 17. Ne2 Nf5 18. Ng4 Qd7 19. b4 O-O-O 20. Rf3 Kb8 21. Raf1 Rh5
22. Kh2 Qc8 23. c3 Ka8 24. Nf4 Nxf4 25. Bxf4 Rg8 26. Ne3 Qf8 27. Nxf5 Rxf5 28.
Bd2 Qg7 29. Qe2 Rxf3 30. Rxf3 Qg6 31. Qf2 Rg7 32. a5 a6 33. Be3 Kb8 34. Rf4 Kc8
35. Rg4 Qh7 36. Rxg7 Qxg7 37. Qf4 Kd7 38. Bf2 Qh7 39. g3 hxg3+ 40. Qxg3 f5 41.
Kg2 Ke8 42. Be1 Kf7 43. Qf3 Qg6+ 44. Kf1 Qg5 45. Bf2 Kg6 46. Be3 Qh4 47. Qg2+
Kf7 48. Ke2 Bd8 49. Qf3 Kg6 50. Qg2+ 1/2-1/2

[Event "Ct. Catalunya eq. DH"]
[Site "?"]
[Date "2011.02.19"]
[Round "4.7"]
[White "Yepes Martinez, E."]
[Black "Rahal, M."]
[Result "1/2-1/2"]
[WhiteElo "2260"]
[BlackElo "2343"]
[PlyCount "69"]
[EventDate "2011.??.??"]
[EventType "team"]

1. e4 e6 2. d4 d5 3. Nc3 Bb4 4. exd5 exd5 5. Bd3 Nc6 6. a3 Bxc3+ 7. bxc3 Nf6 8.
Ne2 Na5 9. O-O O-O 10. Bg5 Qd6 11. Qb1 Ne4 12. Bf4 Qc6 13. Re1 Nc4 14. f3 Ned6
15. Ng3 Re8 16. Rxe8+ Qxe8 17. Qe1 Bd7 18. Qf2 f6 19. h4 Qf7 20. Bxd6 Nxd6 21.
Qd2 Re8 22. Kf2 Bb5 23. Rb1 a6 24. Re1 Rxe1 25. Qxe1 Bxd3 26. cxd3 Qd7 27. Qe2
Kf7 28. Qa2 Qe6 29. Qb3 g6 30. Qb4 b6 31. Qa4 Nb5 32. Qb3 Nd6 33. Qa4 Nb5 34.
Qb3 Nd6 35. Qa4 1/2-1/2

[Event "Ct. Catalunya eq. DH"]
[Site "?"]
[Date "2011.02.19"]
[Round "4.8"]
[White "Ayas Fernandez, A."]
[Black "Garrido Fernandez, D."]
[Result "0-1"]
[WhiteElo "2343"]
[BlackElo "2237"]
[PlyCount "102"]
[EventDate "2011.??.??"]
[EventType "team"]

1. c4 c5 2. Nc3 Nc6 3. g3 g6 4. Bg2 Bg7 5. e3 e5 6. Nge2 Nge7 7. O-O d6 8. a3
Be6 9. Nd5 Rb8 10. b4 e4 11. Rb1 Nxd5 12. cxd5 Bxd5 13. Qc2 Ne5 14. Bxe4 Bxe4
15. Qxe4 d5 16. Qc2 c4 17. Bb2 O-O 18. Kg2 Nd3 19. Bxg7 Kxg7 20. Qc3+ Qf6 21.
Nf4 Nxf4+ 22. gxf4 Rfd8 23. Rbc1 Rbc8 24. d4 Qf5 25. f3 Re8 26. Rce1 Qd3 27.
Qc1 c3 28. Rf2 c2 29. Rd2 Qb3 30. Kf2 Rc3 31. Rde2 Rec8 32. f5 Qxa3 33. Qxa3
Rxa3 34. Rc1 Rac3 35. fxg6 hxg6 36. e4 dxe4 37. fxe4 Kf6 38. b5 a5 39. bxa6
bxa6 40. Re3 Kg5 41. Ke2 Rxe3+ 42. Kxe3 a5 43. Kd3 a4 44. d5 Kf6 45. Rxc2 Rxc2
46. Kxc2 Ke5 47. h4 f5 48. exf5 Kxf5 49. Kc3 Ke5 50. Kb4 Kxd5 51. Kxa4 Ke4 0-1

[Event "Ct. Catalunya eq. DH"]
[Site "?"]
[Date "2011.02.19"]
[Round "4.8"]
[White "Barbero Sendic, A."]
[Black "Rivas Garcia, V."]
[Result "1/2-1/2"]
[WhiteElo "2338"]
[BlackElo "2341"]
[PlyCount "104"]
[EventDate "2011.??.??"]
[EventType "team"]

1. e4 c5 2. Nf3 d6 3. d4 cxd4 4. Nxd4 Nf6 5. Nc3 a6 6. Bc4 e6 7. Bb3 Nbd7 8.
Bg5 Qa5 9. Qd2 b5 10. f3 Bb7 11. O-O Be7 12. a3 Rc8 13. Kh1 Ne5 14. Rad1 Nc4
15. Bxc4 bxc4 16. Bxf6 Bxf6 17. Nxe6 fxe6 18. Qxd6 Qc7 19. Qxe6+ Qe7 20. Qh3
Bxc3 21. bxc3 Rc7 22. Qf5 g6 23. Qf4 Rf8 24. Qc1 Kf7 25. Rd4 Kg8 26. Rfd1 Bc8
27. Qb2 Rb7 28. Qc1 Rc7 29. Qd2 Be6 30. Rd6 a5 31. Qd4 Rb8 32. h3 Bf7 33. e5
Be6 34. Ra6 Rb5 35. Rd6 Rb8 36. Kh2 Kg7 37. a4 Rbc8 38. Qb6 Bf5 39. e6 Qf6 40.
Qxa5 Rc5 41. Rd7+ Kh6 42. Qa7 Qe5+ 43. Kh1 Rh8 44. f4 Qe3 45. R7d4 Bxh3 46.
Qxc5 Bxg2+ 47. Kh2 Qh3+ 48. Kg1 Qe3+ 49. Kxg2 Qe2+ 50. Kg3 Qe3+ 51. Kg2 Qe2+
52. Kg1 Qe3+ 1/2-1/2

[Event "Ct. Catalunya eq. DH"]
[Site "?"]
[Date "2011.02.19"]
[Round "4.8"]
[White "Bofill Mas, A."]
[Black "Montilla Carrillo, E."]
[Result "1-0"]
[WhiteElo "2419"]
[BlackElo "2331"]
[PlyCount "83"]
[EventDate "2011.??.??"]
[EventType "team"]

1. Nf3 c5 2. c4 Nc6 3. g3 g6 4. Bg2 Bg7 5. O-O e6 6. Nc3 Nge7 7. d3 d6 8. Bg5
h6 9. Bd2 O-O 10. Qc1 Kh7 11. a3 e5 12. Rb1 Be6 13. b4 b6 14. Ne4 Rc8 15. b5
Nd4 16. Nxd4 cxd4 17. Bb4 d5 18. Nd6 Rc7 19. Rb2 Rd7 20. cxd5 Nxd5 21. Nc4 Nxb4
22. Rxb4 Rc7 23. a4 Bd5 24. Bxd5 Qxd5 25. Nxb6 Rxc1 26. Nxd5 Rc2 27. e4 Rfc8
28. a5 Bf8 29. Rb3 Ra2 30. b6 axb6 31. axb6 Kg7 32. b7 Rb8 33. Rc1 Ra7 34. Rc7
Bd6 35. Rd7 Bf8 36. f4 exf4 37. gxf4 Bc5 38. e5 Kf8 39. Kf2 Ra2+ 40. Kf3 Ba7
41. Rb4 Ra1 42. Rc4 1-0

[Event "Ct. Catalunya eq. DH"]
[Site "?"]
[Date "2011.02.19"]
[Round "4.8"]
[White "Randazzo, A."]
[Black "Garzon Sanchez, JM."]
[Result "1/2-1/2"]
[WhiteElo "2295"]
[BlackElo "2255"]
[PlyCount "180"]
[EventDate "2011.??.??"]
[EventType "team"]

1. e4 e6 2. d3 c5 3. Nf3 Nc6 4. g3 d6 5. Bg2 g6 6. d4 Qa5+ 7. Bd2 Qa6 8. dxc5
dxc5 9. Bc3 f6 10. Nbd2 e5 11. Bf1 Qb6 12. Nc4 Qc7 13. Ne3 Nge7 14. Nd2 Nd4 15.
Bg2 Be6 16. Nd5 Bxd5 17. exd5 O-O-O 18. Bxd4 exd4 19. Qe2 Qe5 20. Qxe5 fxe5 21.
Ne4 Nxd5 22. Ng5 Nb4 23. Kd1 Re8 24. a3 Nc6 25. Bxc6 bxc6 26. Re1 Re7 27. b3 h6
28. Ne4 Rf7 29. Ke2 Kc7 30. a4 Be7 31. a5 a6 32. h4 Rb8 33. Nd2 Bd6 34. f3 Rbf8
35. Rf1 Kd7 36. Ne4 Ke6 37. Rad1 Rb8 38. Kd3 Rbf8 39. Ke2 Rb8 40. Ra1 Kd5 41.
g4 Be7 42. Rh1 c4 43. bxc4+ Kxc4 44. h5 g5 45. Ra4+ Kd5 46. Ng3 Rb2 47. Rc1 c5
48. Nf5 c4 49. Raa1 Bf8 50. Kd1 e4 51. fxe4+ Kxe4 52. Ra4 Rc7 53. Rca1 Rc6 54.
R4a2 Rb5 55. Ke1 Bb4+ 56. Kf2 Bc3 57. Rd1 Rxf5+ 58. gxf5 Kxf5 59. Kg3 Ke4 60.
Rb1 Rc5 61. Rb6 Rxa5 62. Rxa5 Bxa5 63. Re6+ Kd5 64. Rxa6 Bc7+ 65. Kf3 d3 66.
cxd3 c3 67. Ke2 Bf4 68. Kd1 g4 69. Kc2 g3 70. Ra5+ Kd4 71. Ra1 Ke3 72. Rb1 Be5
73. Re1+ Kf4 74. Re4+ Kf5 75. Re2 Bd4 76. Kd1 Kg5 77. Ke1 Kxh5 78. Kf1 Kg5 79.
Kg2 Bf2 80. Re4 Kf5 81. Rc4 Be1 82. Kf3 h5 83. Rc5+ Kg6 84. Rc4 Kg5 85. Rc5+
Kh4 86. Kg2 Kg4 87. Rc4+ Kg5 88. Rc5+ Kf4 89. Rc4+ Ke3 90. Rxc3 Bxc3 1/2-1/2

[Event "Ct. Catalunya eq. DH"]
[Site "?"]
[Date "2011.02.19"]
[Round "4.9"]
[White "Bosque Ortega, X."]
[Black "Bruned Segura, M."]
[Result "1/2-1/2"]
[WhiteElo "2327"]
[BlackElo "2283"]
[PlyCount "167"]
[EventDate "2011.??.??"]
[EventType "team"]

1. d4 d6 2. Bf4 Nd7 3. Nf3 g6 4. e3 Bg7 5. h3 e5 6. Bh2 Nh6 7. Be2 O-O 8. dxe5
dxe5 9. Nc3 f5 10. Qd5+ Nf7 11. Bc4 c6 12. Qd6 Qf6 13. O-O-O Kh8 14. Qxf6 Bxf6
15. Be6 e4 16. Bxd7 exf3 17. gxf3 Bxc3 18. bxc3 Rd8 19. Bxc8 Raxc8 20. h4 Kg7
21. Bf4 Rxd1+ 22. Rxd1 Rd8 23. Rd4 Kf8 24. Bg5 Rd6 25. Kd2 Ke8 26. Bf4 Rd7 27.
Bb8 a6 28. f4 Ke7 29. f3 Nd8 30. Be5 Ne6 31. Rxd7+ Kxd7 32. Kd3 c5 33. Kc4 Kc6
34. a4 b5+ 35. axb5+ axb5+ 36. Kd3 Nd8 37. c4 b4 38. Bf6 Nb7 39. e4 Kd7 40. Be5
Na5 41. Bb2 Nc6 42. c3 b3 43. Ba3 Na5 44. e5 h5 45. Bb2 Kc6 46. Bc1 Nb7 47. Ba3
Na5 48. Bc1 Kd7 49. Ba3 Nb7 50. Kd2 Kc7 51. Kd3 Kc6 52. Bc1 Nd8 53. Be3 Ne6 54.
Kd2 Nd8 55. Kc1 Nb7 56. Kb2 Na5 57. Bc1 Nxc4+ 58. Kxb3 Kd5 59. Ka4 Kc6 60. e6
Nb6+ 61. Ka5 Nd5 62. c4 Nb6 63. e7 Nxc4+ 64. Ka6 Nd6 65. Ba3 Ne8 66. Ka7 c4 67.
Kb8 Kd7 68. Kb7 c3 69. Kb6 c2 70. Kc5 Nc7 71. Kc4 Ne6 72. Kd5 Nxf4+ 73. Ke5
Nd3+ 74. Kf6 Ke8 75. Kxg6 f4 76. Kxh5 c1=Q 77. Bxc1 Nxc1 78. Kg5 Nd3 79. Kf6
Nb4 80. h5 Nd5+ 81. Ke5 Nxe7 82. Kxf4 Kf7 83. Ke5 Ng8 84. f4 1/2-1/2

[Event "Ct. Catalunya eq. DH"]
[Site "?"]
[Date "2011.02.19"]
[Round "4.9"]
[White "Flores de Paco, D."]
[Black "Shatko, D."]
[Result "0-1"]
[WhiteElo "2175"]
[BlackElo "2049"]
[PlyCount "40"]
[EventDate "2011.??.??"]
[EventType "team"]

1. d4 d5 2. Nf3 Nf6 3. Bg5 Ne4 4. Bf4 e6 5. e3 c5 6. Nbd2 Qb6 7. Bd3 Nxd2 8.
Qxd2 c4 9. Be2 Qxb2 10. O-O Bb4 11. Qd1 Nc6 12. e4 Bc3 13. Rb1 Qxa2 14. Bd6 Qa5
15. Ne5 Nxd4 16. Bxc4 dxc4 17. Nxc4 Qa6 18. Qd3 b5 19. Rfe1 bxc4 20. Qxc3 Qxd6
0-1

[Event "Ct. Catalunya eq. DH"]
[Site "?"]
[Date "2011.02.19"]
[Round "4.9"]
[White "Lopez Agustench, E."]
[Black "Ibañez Tarradellas, E."]
[Result "1/2-1/2"]
[WhiteElo "2360"]
[BlackElo "2363"]
[PlyCount "87"]
[EventDate "2011.??.??"]
[EventType "team"]

1. d4 c5 2. d5 Nf6 3. Nc3 g6 4. e4 d6 5. Bb5+ Bd7 6. a4 Bg7 7. Nf3 O-O 8. h3 e5
9. g4 Na6 10. Nd2 Nc7 11. Bxd7 Nxd7 12. Nc4 Qe7 13. Ne3 b6 14. Qe2 a6 15. Kf1
Rab8 16. Rb1 b5 17. axb5 Nxb5 18. Nxb5 axb5 19. b4 c4 20. Kg2 Ra8 21. f3 Nb6
22. Bd2 Ra2 23. Ra1 Rfa8 24. Rxa2 Rxa2 25. h4 Qc7 26. Rc1 Na4 27. Nd1 Bf6 28.
Kh3 Bd8 29. Nc3 Nxc3 30. Bxc3 Qa7 31. Rh1 Bb6 32. Rh2 Bg1 33. Rg2 Bd4 34. Be1
Qa4 35. Qd2 Ra3 36. Qg5 Rxf3+ 37. Rg3 f6 38. Qd2 Rxg3+ 39. Bxg3 Qa1 40. Be1 c3
41. Qe2 Qc1 42. Qxb5 Qxe1 43. Qe8+ Kg7 44. Qe7+ 1/2-1/2

[Event "Ct. Catalunya eq. DH"]
[Site "?"]
[Date "2011.02.19"]
[Round "4.9"]
[White "Roig Grau, J."]
[Black "Hernandez Casillas, JJ."]
[Result "1/2-1/2"]
[WhiteElo "2255"]
[BlackElo "2279"]
[PlyCount "29"]
[EventDate "2011.??.??"]
[EventType "team"]

1. d4 d6 2. Nf3 g6 3. e4 Bg7 4. Bd3 Nf6 5. O-O O-O 6. c3 c5 7. dxc5 dxc5 8. Bf4
Nc6 9. h3 a6 10. a4 Nh5 11. Be3 b6 12. g4 Nf6 13. Bf4 Bb7 14. Qe2 Re8 15. Rd1
1/2-1/2

[Event "Ct. Catalunya eq. DH"]
[Site "?"]
[Date "2011.02.19"]
[Round "4.10"]
[White "Romero Perea, E."]
[Black "Godesard Forga, C."]
[Result "1-0"]
[WhiteElo "2221"]
[BlackElo "2156"]
[PlyCount "93"]
[EventDate "2011.??.??"]
[EventType "team"]

1. d4 e6 2. Nf3 c5 3. e3 Nf6 4. Bd3 d5 5. dxc5 Bxc5 6. a3 Nc6 7. b4 Bd6 8. Bb2
Qc7 9. Nbd2 e5 10. Be2 O-O 11. c4 e4 12. Nd4 Nxd4 13. Bxd4 a5 14. c5 Be5 15.
Nb3 Bxd4 16. Nxd4 Ne8 17. O-O f5 18. g3 Qe5 19. Nb5 Be6 20. Qd4 Qb8 21. Nc3 Nf6
22. Rfc1 g5 23. b5 f4 24. gxf4 gxf4 25. Kh1 f3 26. Rg1+ Kf7 27. Bf1 Rg8 28. Rg3
Ng4 29. Rxg4 Rxg4 30. Nxd5 Qd8 31. Bh3 Rg6 32. Bxe6+ Rxe6 33. Rg1 Rg6 34. Rxg6
hxg6 35. Qxe4 Rc8 36. Qxf3+ Kg7 37. Qe4 Qf8 38. Qe5+ Kh6 39. f4 Rxc5 40. Qg5+
Kg7 41. Qe5+ Kh6 42. Qg5+ Kg7 43. Qe5+ Kh7 44. e4 Rc1+ 45. Kg2 Qxa3 46. Nf6+
Kg7 47. Ng4+ 1-0

[Event "Ct. Catalunya eq. DH"]
[Site "?"]
[Date "2011.02.19"]
[Round "4.10"]
[White "Subirats Ruiz, S."]
[Black "Forsberg Conde, M."]
[Result "0-1"]
[WhiteElo "2206"]
[BlackElo "2060"]
[PlyCount "58"]
[EventDate "2011.??.??"]
[EventType "team"]

1. e4 e5 2. Nf3 Nc6 3. Bc4 Bc5 4. c3 Nf6 5. b4 Bb6 6. d3 d6 7. a4 a5 8. b5 Ne7
9. O-O O-O 10. Nbd2 Ng6 11. g3 Bg4 12. Ba2 Nd7 13. Kg2 Kh8 14. h3 Bh5 15. Kh2
Ne7 16. Nc4 f5 17. exf5 Bxf3 18. Qxf3 Nxf5 19. Nxb6 Nxb6 20. Qxb7 Nxa4 21. Bd5
Rb8 22. Qa6 Nxc3 23. Bb7 Nd4 24. Rxa5 Nb3 25. Ra3 Nc5 26. Qc6 Ne2 27. Ba6 Nxc1
28. Rxc1 Rxf2+ 29. Kg1 Qg5 0-1

[Event "Ct. Catalunya eq. DH"]
[Site "?"]
[Date "2011.02.19"]
[Round "4.10"]
[White "Valencia Jimenez, J."]
[Black "Del Amo Carbo, J."]
[Result "0-1"]
[WhiteElo "2131"]
[BlackElo "2082"]
[PlyCount "62"]
[EventDate "2011.??.??"]
[EventType "team"]

1. c4 e5 2. Nc3 d6 3. g3 g6 4. Bg2 Bg7 5. Nf3 Ne7 6. O-O O-O 7. d3 f5 8. Ne1 c6
9. Rb1 h6 10. Nc2 g5 11. d4 e4 12. d5 c5 13. Qd2 Ng6 14. b3 Nd7 15. Bb2 a6 16.
a4 Rb8 17. a5 b5 18. axb6 Rxb6 19. Ba1 Nde5 20. Ne1 Nxc4 21. bxc4 Rxb1 22. Nxb1
Bxa1 23. e3 Bg7 24. g4 Nh4 25. Bh1 fxg4 26. Bxe4 Nf3+ 27. Bxf3 gxf3 28. Nc3 Bh3
29. Ne4 Bxf1 30. Kxf1 Qd7 31. Qd1 Qg4 0-1

[Event "Ct. Catalunya eq. DH"]
[Site "?"]
[Date "2011.02.26"]
[Round "5.1"]
[White "Peralta, F."]
[Black "Marin, M."]
[Result "1/2-1/2"]
[WhiteElo "2625"]
[BlackElo "2582"]
[PlyCount "90"]
[EventDate "2011.??.??"]
[EventType "team"]

1. d4 Nf6 2. c4 e6 3. Nc3 Bb4 4. e3 O-O 5. Bd3 d5 6. Nf3 c5 7. O-O Nc6 8. a3
Bxc3 9. bxc3 Qc7 10. Bb2 Re8 11. Qc2 Na5 12. Ne5 Nxc4 13. Nxc4 dxc4 14. Bxc4
Bd7 15. Rac1 Rac8 16. Qe2 e5 17. f3 b5 18. Ba2 c4 19. e4 Nh5 20. g3 f5 21. Bb1
Nf6 22. Qg2 fxe4 23. fxe4 Qb6 24. h3 exd4 25. cxd4 c3 26. Rxc3 Qxd4+ 27. Qf2
Qxf2+ 28. Rxf2 Rxc3 29. Bxc3 Nxe4 30. Bxe4 Rxe4 31. Bb4 h5 32. h4 Re3 33. Rf8+
Kh7 34. Kf2 Rd3 35. Ra8 Bc6 36. Rxa7 Rf3+ 37. Ke2 Rxg3 38. Rc7 Bd5 39. Rc5 Bf7
40. Rf5 Kg6 41. Rxb5 Rh3 42. Rb7 Rh2+ 43. Ke1 Bd5 44. Re7 Rxh4 45. Bc3 Bf7
1/2-1/2

[Event "Ct. Catalunya eq. DH"]
[Site "?"]
[Date "2011.??.??"]
[Round "5.2"]
[White "Moreno Sanchis, A."]
[Black "Lopez Martinez, JM."]
[Result "1/2-1/2"]
[WhiteElo "2291"]
[BlackElo "2528"]
[PlyCount "40"]
[EventDate "2011.??.??"]
[EventType "team"]

1. g3 e5 2. Bg2 Nf6 3. d3 d5 4. Nf3 Nc6 5. O-O Be7 6. a3 a5 7. e4 dxe4 8. dxe4
Qxd1 9. Rxd1 Bg4 10. Re1 Nd7 11. Nc3 Bxf3 12. Bxf3 Nd4 13. Bd1 c6 14. Be3 Bc5
15. Na4 Ba7 16. c3 Ne6 17. b3 Bxe3 18. Rxe3 Ke7 19. Bc2 Rhd8 20. Rd1 Ndc5
1/2-1/2

[Event "Ct. Catalunya eq. DH"]
[Site "?"]
[Date "2011.02.26"]
[Round "5.4"]
[White "Granados Gomez, M."]
[Black "Comas Fabrego, L."]
[Result "0-1"]
[WhiteElo "2444"]
[BlackElo "2588"]
[PlyCount "108"]
[EventDate "2011.??.??"]
[EventType "team"]

1. d4 d5 2. Nf3 Nf6 3. e3 e6 4. Bd3 c5 5. O-O Nc6 6. b3 Bd6 7. Bb2 O-O 8. c4
cxd4 9. exd4 Bd7 10. Nbd2 Rc8 11. c5 Bf4 12. g3 Bh6 13. a3 a5 14. Bc3 Re8 15.
Re1 e5 16. Nxe5 Nxe5 17. Rxe5 Rxe5 18. dxe5 d4 19. Bxa5 Qxa5 20. b4 Qa4 21. Bc2
Qc6 22. exf6 Bxd2 23. Qxd2 Bh3 24. f3 Qxf3 25. Re1 Qxf6 26. Be4 b6 27. c6 g6
28. b5 Re8 29. Bg2 Rxe1+ 30. Qxe1 Be6 31. Qe4 Qd8 32. Qe5 d3 33. c7 Qd7 34. Bf3
d2 35. Bd1 h5 36. Qc3 Kh7 37. Kf2 Qxb5 38. c8=Q Qf5+ 39. Qf3 Bxc8 40. Qxf5 Bxf5
41. Ke3 Bg4 42. Bxg4 hxg4 43. Kxd2 f5 44. Kd3 g5 45. Kd4 f4 46. gxf4 gxf4 47.
Ke4 f3 48. Ke3 Kg6 49. h3 Kf5 50. hxg4+ Kxg4 51. Kf2 Kf4 52. a4 Ke4 53. Kf1 Kd3
54. Kf2 Kc4 0-1

[Event "Ct. Catalunya eq. DH"]
[Site "?"]
[Date "2011.??.??"]
[Round "5.4"]
[White "Minguez Rodriguez, R."]
[Black "Perpinya Rofes, LM."]
[Result "1/2-1/2"]
[WhiteElo "2223"]
[BlackElo "2368"]
[PlyCount "63"]
[EventDate "2011.??.??"]
[EventType "team"]

1. e4 c5 2. Nf3 Nc6 3. d4 cxd4 4. Nxd4 g6 5. Nc3 Bg7 6. Be3 Nf6 7. Bc4 O-O 8.
Bb3 a5 9. f3 d5 10. Bxd5 Nxd5 11. exd5 Nb4 12. Nde2 e6 13. a3 Nxd5 14. Nxd5
exd5 15. Bd4 Bh6 16. O-O Re8 17. Re1 Bf5 18. Ng3 Be6 19. Qd3 Rc8 20. Re2 Rc4
21. Rae1 Qh4 22. c3 Rec8 23. Be5 Bf8 24. Bd4 Bd6 25. Nf1 Bf5 26. Re8+ Bf8 27.
Qd2 Be6 28. g3 Qh5 29. Rxc8 Rxc8 30. Qf4 Qf5 31. Qxf5 Bxf5 32. Ne3 1/2-1/2

[Event "Ct. Catalunya eq. DH"]
[Site "?"]
[Date "2011.??.??"]
[Round "5.5"]
[White "Rahal, M."]
[Black "Martin Canfran, R."]
[Result "1-0"]
[WhiteElo "2343"]
[BlackElo "2196"]
[PlyCount "47"]
[EventDate "2011.??.??"]
[EventType "team"]

1. e4 c5 2. Nf3 d6 3. d4 cxd4 4. Nxd4 Nf6 5. f3 g6 6. c4 Bg7 7. Be3 O-O 8. Nc3
Nc6 9. Qd2 Bd7 10. Be2 Nxd4 11. Bxd4 Ne8 12. Be3 Be6 13. Rc1 f5 14. exf5 gxf5
15. O-O Kh8 16. Rfd1 Nf6 17. b3 a6 18. Bd4 Rc8 19. f4 Qd7 20. Bf3 b5 21. c5 b4
22. Na4 Qb5 23. c6 Ng4 24. Re1 1-0

[Event "Ct. Catalunya eq. DH"]
[Site "?"]
[Date "2011.??.??"]
[Round "5.6"]
[White "Gardela Batlle, J."]
[Black "Ayas Fernandez, A."]
[Result "1-0"]
[WhiteElo "2178"]
[BlackElo "2343"]
[PlyCount "77"]
[EventDate "2011.??.??"]
[EventType "team"]

1. c4 e5 2. Nc3 Nf6 3. Nf3 Nc6 4. g3 d5 5. cxd5 Nxd5 6. Bg2 Nb6 7. O-O Be7 8.
d3 O-O 9. Bd2 Bg4 10. Rc1 Qd7 11. Ne4 Rad8 12. Be3 Nd5 13. Bc5 f5 14. Bxe7 fxe4
15. Bxf8 exf3 16. exf3 Bh5 17. Bc5 b6 18. Be3 Ncb4 19. Bg5 Rf8 20. a3 Nc6 21.
Be3 Nce7 22. b4 h6 23. Re1 Qd6 24. g4 Bf7 25. d4 Ng6 26. dxe5 Nxe5 27. Bd4 Ng6
28. Ba1 Ngf4 29. Qd4 Qg6 30. Re4 Qg5 31. Rce1 Nxg2 32. Kxg2 Rd8 33. h4 Nf4+ 34.
Kg1 Nh3+ 35. Kh2 Rxd4 36. hxg5 Rxe4 37. Rxe4 Nxg5 38. Re3 Bd5 39. f4 1-0

[Event "Ct. Catalunya eq. DH"]
[Site "?"]
[Date "2011.02.26"]
[Round "5.6"]
[White "Sanchez Ibern, M."]
[Black "Escandell Mari, JC."]
[Result "0-1"]
[WhiteElo "2385"]
[BlackElo "2361"]
[PlyCount "26"]
[EventDate "2011.??.??"]
[EventType "team"]

1. e4 d5 2. exd5 Qxd5 3. Nc3 Qd6 4. d4 Nf6 5. Nf3 c6 6. Ne5 Nbd7 7. Bf4 Nd5 8.
Nxd5 Qxd5 9. f3 Nxe5 10. Bxe5 Bf5 11. Bd3 Bxd3 12. Qxd3 O-O-O 13. c3 Qxe5+ 0-1

[Event "Ct. Catalunya eq. DH"]
[Site "?"]
[Date "2011.??.??"]
[Round "5.7"]
[White "Garzon Sanchez, JM."]
[Black "Alonso Seisdedos, C."]
[Result "1/2-1/2"]
[WhiteElo "2178"]
[BlackElo "2268"]
[PlyCount "29"]
[EventDate "2011.??.??"]
[EventType "team"]

1. d4 d5 2. c4 c6 3. Nf3 Nf6 4. Nbd2 e6 5. g3 Bd6 6. b3 O-O 7. Bb2 Qe7 8. Bg2
Nbd7 9. Ne5 Ba3 10. Bxa3 Qxa3 11. Nxd7 Bxd7 12. Qc2 Qe7 13. Qc3 Rfe8 14. O-O
Rac8 15. Rfc1 1/2-1/2

[Event "Ct. Catalunya eq. DH"]
[Site "?"]
[Date "2011.??.??"]
[Round "5.8"]
[White "Colon Garcia, E."]
[Black "Tebar Moreno, JC."]
[Result "1-0"]
[WhiteElo "2259"]
[BlackElo "2157"]
[PlyCount "65"]
[EventDate "2011.??.??"]
[EventType "team"]

1. e4 d5 2. exd5 Qxd5 3. Nc3 Qa5 4. d4 Nf6 5. Nf3 Ne4 6. Bd3 Nxc3 7. bxc3 Qxc3+
8. Bd2 Qa3 9. O-O c6 10. Ne5 e6 11. Qh5 Qe7 12. Bg5 g6 13. Qh4 Qc7 14. Rae1 Bg7
15. Re3 f5 16. Rfe1 O-O 17. Bc4 b5 18. Bb3 Re8 19. Nd3 Qd6 20. c3 a5 21. Rh3 h5
22. Nf4 a4 23. Bd1 e5 24. Nxg6 Qxg6 25. Bxh5 Qe6 26. Bxe8 Qxe8 27. Qh7+ Kf8 28.
Rxe5 Qf7 29. Be7+ Ke8 30. Bf6+ Be6 31. Bxg7 Kd7 32. Rhe3 f4 33. Re1 1-0

[Event "Ct. Catalunya eq. DH"]
[Site "?"]
[Date "2011.02.26"]
[Round "5.8"]
[White "De la Riva Aguado, J."]
[Black "Castellet Giralt, G."]
[Result "0-1"]
[WhiteElo "2354"]
[BlackElo "2300"]
[PlyCount "104"]
[EventDate "2011.??.??"]
[EventType "team"]

1. d4 g6 2. e4 Bg7 3. Be3 c5 4. c3 Nf6 5. Bd3 d5 6. e5 Ng4 7. Nf3 Nxe3 8. fxe3
O-O 9. O-O Nc6 10. a3 Qb6 11. b4 cxd4 12. cxd4 Bg4 13. Nbd2 Nxe5 14. Be2 Bxf3
15. Bxf3 Nxf3+ 16. Qxf3 Qe6 17. Rac1 Rac8 18. Rc5 Bh6 19. Re1 Rfd8 20. Kf2 b6
21. Rcc1 Bg5 22. Qe2 Rxc1 23. Rxc1 Rc8 24. Rxc8+ Qxc8 25. Nf3 Qf5 26. a4 Bh6
27. a5 Qb1 28. axb6 axb6 29. Qd2 e6 30. Ne5 Bf8 31. Nd3 Bd6 32. h3 h5 33. Qc3
h4 34. Qc8+ Kg7 35. Qc3 Bg3+ 36. Ke2 Qg1 37. Ne1 Qf2+ 38. Kd1 Qf1 39. Qd2 b5
40. Qc3 g5 41. Qd2 f5 42. Qc3 Qxe1+ 43. Qxe1 Bxe1 44. Kxe1 Kf6 45. Kf2 g4 46.
Ke2 e5 47. Kd3 Ke6 48. Ke2 exd4 49. exd4 Kf6 50. Kf2 Kg5 51. Ke3 f4+ 52. Ke2
f3+ 0-1